Enhancing effectiveness of training (Record no. 32129)

MARC details
000 -LEADER
fixed length control field 00746cam a22002174a 4500
005 - DATE AND TIME OF LATEST TRANSACTION
control field 20091016122038.0
008 - FIXED-LENGTH DATA ELEMENTS--GENERAL INFORMATION
fixed length control field 090107s2008 ii b 001 0 eng
010 ## - LCCN (DPL NO)
LC control number ENG-95575
020 ## - INTERNATIONAL STANDARD BOOK NUMBER
International Standard Book Number 9788178311654
Terms of availability 1000.00
035 ## - SYSTEM CONTROL NUMBER
System control number EN-79108
037 ## - SOURCE OF ACQUISITION
Source of stock number/acquisition DBAD/PUB
040 ## - CATALOGING SOURCE
Original cataloging agency DPL
100 ## - MAIN ENTRY--PERSONAL NAME
Personal name Sarathi, Parth
245 ## - TITLE STATEMENT
Title Enhancing effectiveness of training
Statement of responsibility, etc by Parth Sarathi
Remainder of title A systems approach
260 ## - PUBLICATION, DISTRIBUTION, ETC. (IMPRINT)
Place of publication, distribution, etc New Delhi :
Name of publisher, distributor, etc Manak Publications,
Date of publication, distribution, etc 2008.
300 ## - PHYSICAL DESCRIPTION
Extent xviii, 356 p. ;
Dimensions 22 cm.(Hb.)
504 ## - BIBLIOGRAPHY, ETC. NOTE
Bibliography, etc Includes index.
942 ## - ADDED ENTRY ELEMENTS (KOHA)
Source of classification or shelving scheme Dewey Decimal Classification
Item type English Books
Call number suffix SAR
Holdings
Withdrawn status Lost status Source of classification or shelving scheme Damaged status Not for loan Collection code Home library Current library Date acquired Source of acquisition Cost, normal purchase price Total Checkouts Full call number Barcode Date last seen Copy number Cost, replacement price Koha item type
    Dewey Decimal Classification   Not For Loan Non-fiction D.B.Act.Division D.B.Act.Division 30/11/2009 DBAD / PUB 1000.00   SAR EN-79108 04/12/2009 1 1000.00 English Books

© Delhi Public Library
Hit Counter
free hit counter